[Event "European Youth Chess Championship B12"]
[Site "Prague, Top Hotel Prague"]
[Date "2016.08.25"]
[Round "7.50"]
[White "Tsaruk, Maksim"]
[Black "Sarginalp, Tuna"]
[Result "1-0"]
[WhiteElo "2098"]
[BlackElo "1646"]
[PlyCount "89"]
[EventDate "2016.08.18"]

1. e4 e5 2. Nf3 Nc6 3. Bb5 a6 4. Bxc6 dxc6 5. d4 exd4 6. Qxd4 Qxd4 7. Nxd4 Bd7
8. b3 O-O-O 9. Bb2 f6 10. Nd2 Ne7 11. O-O-O Ng6 12. g3 Bc5 13. c3 Ne5 14. Kc2
Rhe8 15. f4 Ng4 16. Rde1 Kb8 17. h3 Nh6 18. N2f3 Ba7 19. g4 c5 20. Nf5 Nxf5 21.
exf5 Bc6 22. Rxe8 Rxe8 23. Re1 Rxe1 24. Nxe1 c4 25. bxc4 Be3 26. Bc1 Bxc1 27.
Kxc1 Kc8 28. Kd2 Kd7 29. Ke3 Kd6 30. Kd4 b6 31. Nd3 Bg2 32. h4 Bh3 33. Nf2 Bf1
34. Ne4+ Kd7 35. c5 b5 36. a3 Bh3 37. Nf2 Bf1 38. Ne4 Bh3 39. Nf2 Bf1 40. Nd1
Be2 41. Ne3 h5 42. g5 c6 43. Ke4 Ke7 44. Nc2 a5 45. Nd4 1-0

[Event "European Youth Chess Championship B12"]
[Site "Prague, Top Hotel Prague"]
[Date "2016.08.25"]
[Round "7.51"]
[White "Torngren, Gustav"]
[Black "Rokos, Filip"]
[Result "0-1"]
[WhiteElo "1764"]
[BlackElo "1687"]
[PlyCount "54"]
[EventDate "2016.08.18"]

1. d4 e6 2. c4 Nf6 3. Nf3 d5 4. Nc3 Be7 5. Bg5 h6 6. Bh4 O-O 7. e3 b6 8. Rc1
Bb7 9. Bxf6 Bxf6 10. cxd5 exd5 11. Bd3 Qe7 12. O-O c5 13. Bb1 Rd8 14. Qd3 g6
15. Rfd1 Nd7 16. Rd2 Nf8 17. a3 Ne6 18. Re1 Rac8 19. Qc2 Ng5 20. Nxg5 Bxg5 21.
Qd1 Qd6 22. dxc5 Qxc5 23. Ba2 Bf6 24. Nxd5 Bxd5 25. Bxd5 Qa5 26. Qg4 Qxd2 27.
Qxg6+ Bg7 0-1

[Event "European Youth Chess Championship B12"]
[Site "Prague, Top Hotel Prague"]
[Date "2016.08.25"]
[Round "7.52"]
[White "Lukyanenko, Artemiy"]
[Black "Sarighioleanu, Sebastian-Laure"]
[Result "1/2-1/2"]
[WhiteElo "1752"]
[BlackElo "1572"]
[PlyCount "44"]
[EventDate "2016.08.18"]

1. Nf3 Nf6 2. d4 e6 3. e3 d5 4. Bd3 Bd6 5. O-O O-O 6. Nbd2 Nbd7 7. b3 b6 8. Bb2
Bb7 9. Ne5 Ne4 10. Nxe4 dxe4 11. Bc4 Bd5 12. Qe2 Bxe5 13. dxe5 Qg5 14. Bxd5
exd5 15. f4 exf3 16. Qxf3 Nxe5 17. Qxd5 Qxe3+ 18. Kh1 Ng4 19. Bd4 Qe6 20. Qg5
f6 21. Qf5 Ne5 22. Rae1 Rae8 1/2-1/2

[Event "European Youth Chess Championship B12"]
[Site "Prague, Top Hotel Prague"]
[Date "2016.08.25"]
[Round "7.53"]
[White "Pribyl, Viktor"]
[Black "Hadjinicolaou, Andreas"]
[Result "1-0"]
[WhiteElo "1742"]
[BlackElo "1488"]
[PlyCount "89"]
[EventDate "2016.08.18"]

1. d4 Nf6 2. Bf4 e6 3. e3 c5 4. Nf3 Nc6 5. c3 d5 6. Bd3 Bd6 7. Ne5 O-O 8. Qf3
c4 9. Bc2 Qc7 10. Qg3 Ne4 11. Bxe4 dxe4 12. Nxc4 Bxf4 13. Qxf4 Qxf4 14. exf4
Ne7 15. Nbd2 f5 16. f3 Nd5 17. g3 exf3 18. Nxf3 Bd7 19. Nfe5 Bb5 20. a4 Bxc4
21. Nxc4 Rfd8 22. Kd2 Rac8 23. Ne3 Nxe3 24. Kxe3 Kf7 25. Kd3 Rd7 26. Rhe1 Rd6
27. Re5 a6 28. a5 h6 29. h4 g6 30. Ra4 Rg8 31. Rb4 Rd7 32. Rb6 Re8 33. Ke3 h5
34. c4 Ree7 35. Kd3 Re8 36. Kc3 Ree7 37. c5 Rc7 38. Kc4 Rc6 39. Re3 Rxb6 40.
axb6 Re8 41. b4 Ke7 42. d5 Kd7 43. Rxe6 Rxe6 44. dxe6+ Kxe6 45. c6 1-0

[Event "European Youth Chess Championship B12"]
[Site "Prague, Top Hotel Prague"]
[Date "2016.08.25"]
[Round "7.54"]
[White "Sunde, Nicholas"]
[Black "Aalto, Patrik"]
[Result "1/2-1/2"]
[WhiteElo "1375"]
[BlackElo "1733"]
[PlyCount "147"]
[EventDate "2016.08.18"]

1. d4 Nf6 2. c4 c5 3. Nf3 cxd4 4. Nxd4 Nc6 5. g3 g6 6. Bg2 Bg7 7. Nxc6 bxc6 8.
Nc3 O-O 9. O-O Qa5 10. Bd2 Qc7 11. Rc1 Rb8 12. b3 d6 13. h3 Bb7 14. e4 Rfd8 15.
Be3 Ba8 16. Qe2 Qa5 17. Rfd1 Nd7 18. Na4 Nb6 19. Nxb6 axb6 20. f4 c5 21. a4 Qa7
22. Rd3 Bc6 23. Rcd1 Qb7 24. Bf2 Rd7 25. Qg4 h5 26. Qe2 f5 27. Re1 fxe4 28.
Bxe4 Bxe4 29. Qxe4 Qxe4 30. Rxe4 Kf7 31. Kg2 Re8 32. Rd2 Bc3 33. Rde2 e6 34.
Be1 Bd4 35. Bf2 Bg7 36. g4 hxg4 37. hxg4 Rde7 38. Bh4 Bf6 39. Bxf6 Kxf6 40.
R4e3 Rc7 41. Rd3 Rd7 42. Kf3 d5 43. g5+ Kf7 44. cxd5 exd5 45. Rxe8 Kxe8 46. Kg4
d4 47. f5 gxf5+ 48. Kxf5 Kf7 49. Rf3 Re7 50. Rh3 Re3 51. Rh7+ Kg8 52. g6 Rxb3
53. Rd7 Rf3+ 54. Kg4 Re3 55. Kf4 Re1 56. Kg5 Rg1+ 57. Kf5 Rf1+ 58. Kg5 Rf8 59.
Kh6 Rc8 60. Rd6 c4 61. Rxd4 c3 62. Rd1 c2 63. Rc1 Rc5 64. g7 Rc4 65. Kg6 Rc6+
66. Kf5 Kxg7 67. Ke4 Rc4+ 68. Kd3 Rxa4 69. Rxc2 Ra7 70. Rc6 Rb7 71. Kc4 Kf7 72.
Kb5 Ke7 73. Rxb6 Rxb6+ 74. Kxb6 1/2-1/2

[Event "European Youth Chess Championship B12"]
[Site "Prague, Top Hotel Prague"]
[Date "2016.08.25"]
[Round "7.55"]
[White "Mansoor, Afras"]
[Black "Fridensteins-Bridins, Atis"]
[Result "1-0"]
[WhiteElo "1728"]
[BlackElo "1347"]
[PlyCount "55"]
[EventDate "2016.08.18"]

1. d4 d5 2. Nf3 Nf6 3. c4 c6 4. Nc3 e6 5. e3 Nbd7 6. Bd3 dxc4 7. Bxc4 b5 8. Bd3
Bb7 9. O-O a6 10. e4 c5 11. d5 Qc7 12. dxe6 fxe6 13. Ng5 Qc6 14. f4 h6 15. Nf3
c4 16. Bc2 Ng4 17. Nd4 Qb6 18. Qxg4 Qxd4+ 19. Kh1 Qf6 20. Be3 h5 21. Qh3 Qg6
22. Bd1 b4 23. Na4 Qxe4 24. Bf3 Qc2 25. Qxe6+ Be7 26. Bxb7 Rb8 27. Bc6 Rd8 28.
Be4 1-0

[Event "European Youth Chess Championship B12"]
[Site "Prague, Top Hotel Prague"]
[Date "2016.08.25"]
[Round "7.56"]
[White "Arbuzov, Timofey"]
[Black "Lamblin, Alexandre"]
[Result "1-0"]
[WhiteElo "1870"]
[BlackElo "1594"]
[PlyCount "81"]
[EventDate "2016.08.18"]

1. d4 Nf6 2. Nc3 d5 3. Bg5 e6 4. e4 h6 5. Bxf6 Qxf6 6. exd5 Bb4 7. dxe6 Bxe6 8.
Bd3 Nc6 9. Nge2 Rd8 10. a3 Ba5 11. b4 Bb6 12. Ne4 Qe7 13. c3 Bd5 14. N4g3 O-O
15. O-O Qf6 16. c4 Bxc4 17. Bxc4 Nxd4 18. Ne4 Nf3+ 19. gxf3 Qg6+ 20. Kh1 Rxd1
21. Raxd1 Qh5 22. Rd3 Re8 23. Rg1 Kh7 24. N2g3 Qg6 25. Rd7 Qc6 26. Bd3 Kg8 27.
Nh5 Kf8 28. Rxg7 Qxd7 29. Nef6 Qc6 30. Rg8+ Ke7 31. Rxe8+ Kd6 32. Ne4+ Kd5 33.
Nhf6+ Kd4 34. Rd8+ Ke5 35. Kg2 Qc1 36. Re8+ Kd4 37. Rd8+ Ke5 38. Ng4+ Ke6 39.
Re8+ Kd7 40. Ngf6+ Kc6 41. b5# 1-0

[Event "European Youth Chess Championship B12"]
[Site "Prague, Top Hotel Prague"]
[Date "2016.08.25"]
[Round "7.57"]
[White "Krejcok, Tobias"]
[Black "De, Cocq Ramin"]
[Result "1-0"]
[WhiteElo "1851"]
[BlackElo "1588"]
[PlyCount "51"]
[EventDate "2016.08.18"]

1. e4 e6 2. d4 d5 3. Nd2 Nf6 4. Bd3 Be7 5. Ngf3 O-O 6. O-O c5 7. c3 Nc6 8. Bc2
cxd4 9. cxd4 dxe4 10. Nxe4 Nxe4 11. Bxe4 Qd7 12. Ne5 Nxe5 13. dxe5 Qb5 14. Re1
Bb4 15. Bd3 Qa5 16. Re4 Rd8 17. Rh4 Be7 18. Rh3 Qxe5 19. Bxh7+ Kf8 20. Bd3 Kg8
21. Bd2 Qd5 22. Bc3 e5 23. Rh8+ Kxh8 24. Qh5+ Kg8 25. Qh7+ Kf8 26. Qh8# 1-0

[Event "European Youth Chess Championship B12"]
[Site "Prague, Top Hotel Prague"]
[Date "2016.08.25"]
[Round "7.58"]
[White "Slivka, David"]
[Black "Redzisz, Michal"]
[Result "0-1"]
[WhiteElo "1524"]
[BlackElo "1834"]
[PlyCount "78"]
[EventDate "2016.08.18"]

1. e4 c5 2. Nf3 Nc6 3. d4 cxd4 4. Nxd4 g6 5. Nc3 Bg7 6. Be3 Nf6 7. Bc4 O-O 8.
Bb3 Re8 9. f3 e6 10. Qd2 d5 11. O-O-O Nxd4 12. Bxd4 e5 13. Bc5 Qa5 14. Ba3 d4
15. Nd5 Qxd2+ 16. Kxd2 Nxd5 17. Bxd5 Bf8 18. Bxf8 Kxf8 19. c3 dxc3+ 20. Kxc3
Be6 21. Bxe6 Rxe6 22. b4 Ke7 23. Rd5 Rc8+ 24. Kb3 Rec6 25. Rhd1 Rc3+ 26. Ka4
R8c7 27. Rxe5+ Kf6 28. Red5 a6 29. R1d2 Rc2 30. Ka5 h5 31. a4 h4 32. b5 axb5
33. axb5 R7c5 34. Kb6 g5 35. g3 h3 36. f4 g4 37. Rd6+ Kg7 38. e5 Rc7 39. Rd7
Kf8 0-1

[Event "European Youth Chess Championship B12"]
[Site "Prague, Top Hotel Prague"]
[Date "2016.08.25"]
[Round "7.59"]
[White "Bonciu, David"]
[Black "Kran, Ole-Christian Bakken"]
[Result "1/2-1/2"]
[WhiteElo "1820"]
[BlackElo "1571"]
[PlyCount "53"]
[EventDate "2016.08.18"]

1. e4 Nf6 2. e5 Nd5 3. d4 d6 4. Nf3 Nc6 5. c4 Nb6 6. exd6 cxd6 7. Nc3 Bg4 8.
Be3 g6 9. b3 Bg7 10. Be2 O-O 11. O-O Qd7 12. h3 Bxf3 13. Bxf3 e6 14. Rc1 Nc8
15. Qd2 N8e7 16. Rfd1 Nf5 17. Ne2 Nxe3 18. Qxe3 Rfe8 19. Bxc6 bxc6 20. Qf3 d5
21. cxd5 cxd5 22. Rc5 Rec8 23. Rdc1 Bf8 24. Rxc8 Rxc8 25. Rxc8 Qxc8 26. Qc3 Qa6
27. Qc2 1/2-1/2

[Event "European Youth Chess Championship B12"]
[Site "Prague, Top Hotel Prague"]
[Date "2016.08.25"]
[Round "7.60"]
[White "Mica, Marek"]
[Black "Stepanencu, Nicodim-Cosmin"]
[Result "1-0"]
[WhiteElo "1795"]
[BlackElo "1551"]
[PlyCount "95"]
[EventDate "2016.08.18"]

1. d4 Nf6 2. c4 e6 3. Nf3 d5 4. Nc3 Be7 5. Bg5 Nbd7 6. Rc1 dxc4 7. e3 c5 8.
Bxc4 O-O 9. O-O a6 10. a4 cxd4 11. Nxd4 Ne5 12. Bb3 Qb6 13. Qc2 Ng6 14. Rfd1
Rd8 15. Bc4 h6 16. Bxf6 Bxf6 17. Nb3 Bd7 18. a5 Qc7 19. Be2 Rac8 20. Qb1 Qe5
21. Qa2 Bc6 22. Nd4 Qc7 23. Nxc6 Rxd1+ 24. Nxd1 Qd6 25. Nc3 Rxc6 26. Bf3 Rc7
27. Qb3 Nh4 28. Bxb7 Qd2 29. Rd1 Bxc3 30. Rxd2 Bxd2 31. Bxa6 Bxa5 32. Bc4 Nf5
33. g3 Nd6 34. Bd3 Rb7 35. Qa3 Bc7 36. Kg2 g6 37. h4 Nb5 38. Qa4 Nd6 39. b4 Bb6
40. Qc6 Bc7 41. b5 Kf8 42. b6 Bb8 43. Ba6 Re7 44. b7 h5 45. f3 Re8 46. g4 e5
47. Qc5 Ke7 48. gxh5 1-0

[Event "European Youth Chess Championship B12"]
[Site "Prague, Top Hotel Prague"]
[Date "2016.08.25"]
[Round "7.61"]
[White "Jordanov, Mihail"]
[Black "Rousek, Jan"]
[Result "1-0"]
[WhiteElo "1758"]
[BlackElo "1521"]
[PlyCount "95"]
[EventDate "2016.08.18"]

1. e4 c5 2. Nc3 e6 3. g3 d5 4. exd5 exd5 5. d4 cxd4 6. Qxd4 Nf6 7. Bg5 Nc6 8.
Bb5 Bd7 9. Qe3+ Ne7 10. Bxf6 gxf6 11. Nxd5 Bg7 12. Bxd7+ Qxd7 13. O-O-O Kf8 14.
Qxe7+ Qxe7 15. Nxe7 Kxe7 16. Nf3 Rhd8 17. Nd4 Kf8 18. Nf5 Kg8 19. f4 Bf8 20.
Rxd8 Rxd8 21. Rd1 Rxd1+ 22. Kxd1 Bc5 23. Ke2 Kf8 24. Kf3 h5 25. Ke4 a5 26. Kd5
b6 27. Kc6 Kg8 28. h3 Kh7 29. g4 hxg4 30. hxg4 Kg6 31. a3 Kh7 32. c4 Kg8 33. b4
axb4 34. axb4 Bxb4 35. Kxb6 Kf8 36. c5 Bd2 37. c6 Bxf4 38. c7 Bxc7+ 39. Kxc7
Kg8 40. Kd6 Kh7 41. Kd5 Kg6 42. Ke4 Kg5 43. Kf3 Kg6 44. Kf4 Kh7 45. Ne7 Kg7 46.
Kf5 Kf8 47. Kxf6 Ke8 48. Nf5 1-0

[Event "European Youth Chess Championship B12"]
[Site "Prague, Top Hotel Prague"]
[Date "2016.08.25"]
[Round "7.62"]
[White "Devyaterikov, Ivan"]
[Black "Mechlinski, Jakub"]
[Result "1-0"]
[WhiteElo "1536"]
[BlackElo "1753"]
[PlyCount "91"]
[EventDate "2016.08.18"]

1. d4 d5 2. c4 e6 3. Nc3 Nf6 4. cxd5 exd5 5. Bg5 c6 6. Qc2 Be7 7. e3 Nbd7 8.
Bd3 O-O 9. Nf3 Re8 10. O-O Nf8 11. Rab1 a5 12. a3 N6d7 13. Bf4 Ng6 14. Nxd5
Ndf8 15. Nxe7+ Qxe7 16. Bg3 Rd8 17. b4 axb4 18. axb4 Be6 19. Qc5 Qe8 20. Ra1
Bd5 21. Nd2 h5 22. h3 Rxa1 23. Rxa1 h4 24. Bh2 Qd7 25. Qc2 Qe7 26. e4 Be6 27.
Qc3 Nh7 28. f4 Ngf8 29. Nf3 Bc8 30. Re1 g5 31. f5 Nd7 32. e5 Nb6 33. f6 Qd7 34.
Qc2 Nf8 35. Re4 Ng6 36. Rg4 Qd5 37. Bxg6 Bxg4 38. hxg4 Qc4 39. Qxc4 Nxc4 40.
Bf5 Ne3 41. e6 Nxf5 42. gxf5 g4 43. e7 Re8 44. Nxh4 Kh7 45. Bf4 g3 46. Nf3 1-0

[Event "European Youth Chess Championship B12"]
[Site "Prague, Top Hotel Prague"]
[Date "2016.08.25"]
[Round "7.63"]
[White "Smelykh, Edvin"]
[Black "Jaques, Hannibal Valeur"]
[Result "1-0"]
[WhiteElo "1709"]
[BlackElo "1518"]
[PlyCount "71"]
[EventDate "2016.08.18"]

1. e4 e5 2. Nf3 Nc6 3. Bb5 a6 4. Ba4 Bc5 5. c3 d6 6. d4 exd4 7. cxd4 Bb4+ 8.
Bd2 Bxd2+ 9. Qxd2 d5 10. Ne5 Nge7 11. Nxc6 Nxc6 12. e5 O-O 13. O-O Bd7 14. Nc3
b5 15. Bc2 Qh4 16. f4 Ne7 17. f5 Qh6 18. Qe2 b4 19. Nd1 Bb5 20. Bd3 Bxd3 21.
Qxd3 a5 22. f6 Nc6 23. Ne3 Rad8 24. Rf3 Qg6 25. Nf5 Rfe8 26. Rg3 Qh5 27. Nxg7
Qh4 28. Nf5+ Kh8 29. Nxh4 Rg8 30. Rh3 Rg5 31. Nf3 Rg6 32. Ng5 Rf8 33. Rxh7+ Kg8
34. Qh3 Rh6 35. Rg7+ Kh8 36. Qxh6# 1-0

[Event "European Youth Chess Championship B12"]
[Site "Prague, Top Hotel Prague"]
[Date "2016.08.25"]
[Round "7.64"]
[White "Hajpek, Erik"]
[Black "Wartiovaara, Oliver"]
[Result "0-1"]
[WhiteElo "1701"]
[BlackElo "1514"]
[PlyCount "54"]
[EventDate "2016.08.18"]

1. e4 c5 2. Nf3 d6 3. d4 cxd4 4. Nxd4 Nf6 5. Nc3 g6 6. Be3 Bg7 7. f3 Nc6 8. Qd2
O-O 9. O-O-O d5 10. Nxc6 bxc6 11. exd5 Nxd5 12. Nxd5 cxd5 13. Qxd5 Qc7 14. Qc5
Qb7 15. c3 Be6 16. Qa3 Rfd8 17. Bd3 Be5 18. Be4 Bd5 19. Bxd5 Rxd5 20. Rxd5 Qxd5
21. Rd1 Qe6 22. h4 Bd6 23. Rxd6 Qxd6 24. Qa4 Rd8 25. f4 Qd3 26. Bd4 Qf1+ 27.
Qd1 Qxf4+ 0-1

[Event "European Youth Chess Championship B12"]
[Site "Prague, Top Hotel Prague"]
[Date "2016.08.25"]
[Round "7.65"]
[White "Glozar, Petr"]
[Black "Stastny, Jakub"]
[Result "0-1"]
[WhiteElo "1688"]
[BlackElo "1376"]
[PlyCount "52"]
[EventDate "2016.08.18"]

1. e4 c5 2. Nc3 Nc6 3. Bb5 Nd4 4. Nf3 Nxb5 5. Nxb5 a6 6. Nc3 d6 7. d4 cxd4 8.
Nxd4 e5 9. Nf3 h6 10. h3 Nf6 11. O-O Be6 12. Be3 Rc8 13. Qd2 Be7 14. a4 b6 15.
Rad1 O-O 16. Qc1 Qc7 17. Bxh6 gxh6 18. Qxh6 Nh7 19. Rd3 Kh8 20. h4 Rg8 21. Ng5
Bxg5 22. hxg5 Rxg5 23. Nd5 Bxd5 24. Rh3 Rg7 25. exd5 Qe7 26. Rh5 f6 0-1

[Event "European Youth Chess Championship B12"]
[Site "Prague, Top Hotel Prague"]
[Date "2016.08.25"]
[Round "7.66"]
[White "Gogna, Aman"]
[Black "Hersel, Rudolf"]
[Result "1/2-1/2"]
[WhiteElo "1412"]
[BlackElo "1685"]
[PlyCount "51"]
[EventDate "2016.08.18"]

1. d4 d5 2. Nf3 Nf6 3. c4 e6 4. g3 Bb4+ 5. Bd2 Be7 6. Bg2 O-O 7. O-O Ne4 8. Bf4
c6 9. Nbd2 f5 10. Qc2 g5 11. Be5 Nd7 12. Nb3 Nxe5 13. Nxe5 Nd6 14. Rfd1 Bf6 15.
cxd5 cxd5 16. Nd3 Rf7 17. Rac1 b6 18. e3 Ba6 19. Nb4 Rc8 20. Qb1 Bb7 21. Rf1
Rxc1 22. Rxc1 f4 23. Bh3 Qe7 24. exf4 gxf4 25. Re1 Ne4 26. Qd1 1/2-1/2

[Event "European Youth Chess Championship B12"]
[Site "Prague, Top Hotel Prague"]
[Date "2016.08.25"]
[Round "7.67"]
[White "Wolaniecki, Patryk"]
[Black "Kien, Clovis"]
[Result "1-0"]
[WhiteElo "1669"]
[BlackElo "1336"]
[PlyCount "95"]
[EventDate "2016.08.18"]

1. e4 Nf6 2. e5 Nd5 3. c4 Nb6 4. d4 d6 5. exd6 cxd6 6. Nc3 Nc6 7. Be3 g6 8. Rc1
Bg7 9. b3 O-O 10. d5 Ne5 11. Be2 Ned7 12. Nf3 Nf6 13. O-O Nbd7 14. Nd4 Ne5 15.
h3 Qa5 16. Na4 Bd7 17. f4 Bxa4 18. fxe5 dxe5 19. bxa4 exd4 20. Bxd4 Bh6 21. Rb1
Ne4 22. Bd3 Nd2 23. Rb5 Qc7 24. Rf2 a6 25. Rb4 Rfd8 26. Rxd2 Bxd2 27. Qxd2 Rd7
28. Qh6 e5 29. Be3 Re8 30. Qh4 Qa5 31. Qe1 Qc7 32. Qf2 Kg7 33. Bb6 Qd6 34. Bc5
Qf6 35. Qxf6+ Kxf6 36. Rb6+ Kg7 37. a5 Rc8 38. Ba3 f6 39. Kf2 Kf7 40. g4 Rcc7
41. Ke3 Rc8 42. Ke4 Rcc7 43. c5 Rd8 44. Bc2 Rdd7 45. Ba4 Rd8 46. d6 Rcc8 47.
Rxb7+ Ke6 48. Re7# 1-0

[Event "European Youth Chess Championship B12"]
[Site "Prague, Top Hotel Prague"]
[Date "2016.08.25"]
[Round "7.68"]
[White "Hrbek, Tomas"]
[Black "Stagno, Matteo"]
[Result "1-0"]
[WhiteElo "1633"]
[BlackElo "1142"]
[PlyCount "83"]
[EventDate "2016.08.18"]

1. e4 e5 2. Nf3 Nc6 3. Bc4 Bc5 4. b4 Bxb4 5. c3 Ba5 6. d4 d6 7. O-O Nf6 8. Bg5
h6 9. Bh4 O-O 10. Qd3 Re8 11. Rd1 Qe7 12. Nbd2 a6 13. a4 Bg4 14. d5 Nd8 15. h3
Bh5 16. g4 Bg6 17. Kh2 c6 18. Qe3 b5 19. Bb3 c5 20. axb5 axb5 21. c4 Bxd2 22.
Qxd2 Rxa1 23. Rxa1 bxc4 24. Bxc4 Bxe4 25. g5 hxg5 26. Nxg5 Bf5 27. Rg1 Ne4 28.
Qe3 Nxg5 29. Rxg5 Bg6 30. Bb5 Rf8 31. f4 Qb7 32. Qe2 Qxd5 33. f5 Bh7 34. Bc4
Qd4 35. Rg4 Qc3 36. Bf6 g6 37. fxg6 Ne6 38. gxh7+ Kxh7 39. Bd3+ Qxd3 40. Qxd3+
e4 41. Qxe4+ Kh6 42. Rh4# 1-0

[Event "European Youth Chess Championship B12"]
[Site "Prague, Top Hotel Prague"]
[Date "2016.08.25"]
[Round "7.70"]
[White "Papuc, David"]
[Black "Mach, Petr"]
[Result "0-1"]
[WhiteElo "1329"]
[BlackElo "1654"]
[PlyCount "96"]
[EventDate "2016.08.18"]

1. d4 e6 2. Nf3 c5 3. Bg5 Qb6 4. Bc1 Nc6 5. c3 Nf6 6. e3 d5 7. Bd3 Bd6 8. O-O
O-O 9. b3 e5 10. dxc5 Bxc5 11. Be2 Bf5 12. Bb2 Rfd8 13. b4 d4 14. Qc1 dxc3 15.
Bxc3 Bxb4 16. Nxe5 Nxe5 17. Bxe5 Rac8 18. Qb2 Rc2 19. Qb3 Rxe2 20. Qc4 Rc2 21.
Qf4 Bg6 22. Bd4 Qd6 23. Be5 Qe7 24. Bxf6 Qxf6 25. Qxf6 gxf6 26. a3 Bc3 27. Nxc3
Rxc3 28. a4 Rd2 29. Rfd1 Rxd1+ 30. Rxd1 Ra3 31. Kf1 Rxa4 32. Rd7 b5 33. Rd5 Ra2
34. f3 b4 35. e4 a5 36. g4 a4 37. h4 b3 38. Rd1 b2 39. Rd8+ Kg7 40. Rd1 Ra1 41.
Rxa1 bxa1=Q+ 42. Kg2 h5 43. g5 fxg5 44. hxg5 Qb2+ 45. Kg3 Qe5+ 46. f4 Qc3+ 47.
Kh4 Qf3 48. f5 Qg4# 0-1

[Event "European Youth Chess Championship B12"]
[Site "Prague, Top Hotel Prague"]
[Date "2016.08.25"]
[Round "7.72"]
[White "Winkin, Jos"]
[Black "Dwyer, Daniel"]
[Result "0-1"]
[WhiteElo "1247"]
[BlackElo "1629"]
[PlyCount "64"]
[EventDate "2016.08.18"]

1. e4 c6 2. d4 d5 3. exd5 cxd5 4. c3 Nf6 5. Bd3 Nc6 6. Bf4 e6 7. Nf3 Bd6 8.
Bxd6 Qxd6 9. O-O O-O 10. Qe2 a6 11. Nbd2 b5 12. Ne5 Bd7 13. f4 Rfc8 14. Rf3 Ne7
15. Rh3 Ng6 16. Qf3 b4 17. c4 dxc4 18. Ndxc4 Qxd4+ 19. Kh1 Bb5 20. Rd1 Qc5 21.
Nd6 Bc6 22. Qe2 Nxf4 23. Qe3 Bxg2+ 24. Kg1 Nxh3+ 25. Kxg2 Qxe3 26. Nxc8 Nf4+
27. Kf1 Rxc8 28. Nc4 Qf3+ 29. Ke1 Nxd3+ 30. Kd2 Ne4+ 31. Kc2 Rxc4+ 32. Kb1
Qxd1# 0-1

[Event "European Youth Chess Championship B12"]
[Site "Prague, Top Hotel Prague"]
[Date "2016.08.25"]
[Round "7.73"]
[White "Berezovsky, Jonathan"]
[Black "Tajovsky, Matej"]
[Result "0-1"]
[WhiteElo "1164"]
[BlackElo "1584"]
[PlyCount "34"]
[EventDate "2016.08.18"]

1. Nf3 c5 2. g3 d5 3. e3 Nf6 4. Bg2 g6 5. O-O Bg7 6. d4 Nbd7 7. Bd2 O-O 8. Qe2
b6 9. Rd1 Bb7 10. Na3 c4 11. Nxc4 Ba6 12. b3 dxc4 13. bxc4 Rc8 14. e4 Bxc4 15.
Qe3 Ng4 16. Qf4 h5 17. e5 Bd5 0-1

[Event "European Youth Chess Championship B12"]
[Site "Prague, Top Hotel Prague"]
[Date "2016.08.25"]
[Round "7.74"]
[White "Kusa, Jakub"]
[Black "Dudek, Vojtech"]
[Result "1/2-1/2"]
[WhiteElo "1567"]
[BlackElo "1529"]
[PlyCount "172"]
[EventDate "2016.08.18"]

1. e4 d5 2. exd5 Nf6 3. Nf3 Bg4 4. Bb5+ c6 5. dxc6 Nxc6 6. h3 Bf5 7. Nc3 e6 8.
d3 Bb4 9. Bd2 O-O 10. O-O a6 11. Bxc6 bxc6 12. Ne5 Bd6 13. Nc4 Bc7 14. Qf3 Nd5
15. a3 Qh4 16. Rae1 Rab8 17. Rb1 g5 18. Nxd5 cxd5 19. Ne3 Bg6 20. Qg4 Qh6 21.
Qd4 f5 22. Bc3 Rbe8 23. g3 Bh5 24. Kg2 f4 25. Ng4 f3+ 26. Kh2 Bxg4 27. Qxg4 Qg6
28. Bd2 Rf5 29. Rh1 h5 30. Qa4 h4 31. Qg4 Ref8 32. Rbf1 hxg3+ 33. fxg3 f2 34.
Kg2 Rf3 35. Qxf3 Rxf3 36. Kxf3 Qf5+ 37. Kg2 Qe5 38. Rxf2 Qxg3+ 39. Kf1 Bb6 40.
Be1 Bxf2 41. Bxf2 Qf3 42. Rh2 Qd1+ 43. Be1 Qf3+ 44. Bf2 e5 45. Rg2 Qxh3 46. Be3
Qf5+ 47. Kg1 Kh7 48. Rh2+ Kg6 49. Rg2 e4 50. dxe4 dxe4 51. Bf2 Qf3 52. Bc5 e3
53. Bd4 Qd1+ 54. Kh2 e2 55. Rg1 Qxc2 56. Re1 g4 57. Kg3 Kf5 58. Kf2 Qe4 59.
Rxe2 Qf3+ 60. Ke1 g3 61. Bc5 g2 62. Bd4 Qf1+ 63. Kd2 g1=Q 64. Bxg1 Qxg1 65. Kc2
Qc5+ 66. Kb1 a5 67. Rc2 Qd5 68. Rc3 a4 69. b3 Qd2 70. Rc5+ Ke4 71. bxa4 Kd4 72.
Rc2 Qa5 73. Rb2 Kc3 74. Rb4 Qf5+ 75. Ka2 Qc2+ 76. Ka1 Qd2 77. Kb1 Qe2 78. a5
Qd1+ 79. Ka2 Qd5+ 80. Kb1 Qxa5 81. Ka2 Qd5+ 82. Ka1 Qd1+ 83. Ka2 Qd2+ 84. Ka1
Qe2 85. Rb1 Qe4 86. Ka2 Qc2+ 1/2-1/2

[Event "European Youth Chess Championship B12"]
[Site "Prague, Top Hotel Prague"]
[Date "2016.08.25"]
[Round "7.75"]
[White "Spada, Dario"]
[Black "Sebesta, Jan"]
[Result "0-1"]
[WhiteElo "1132"]
[BlackElo "1557"]
[PlyCount "114"]
[EventDate "2016.08.18"]

1. d4 Nf6 2. c4 g6 3. Nf3 Bg7 4. e3 O-O 5. Be2 d5 6. cxd5 Nxd5 7. e4 Nb6 8. O-O
Nc6 9. Be3 Bg4 10. Nc3 Bxf3 11. Bxf3 Bxd4 12. Bxd4 Nxd4 13. e5 c6 14. Ne4 Nc4
15. b3 Nxe5 16. Be2 Nxe2+ 17. Qxe2 Qd3 18. Qxd3 Nxd3 19. Rfd1 Rad8 20. Rd2 Nf4
21. Rad1 Rxd2 22. Rxd2 Ne6 23. h3 Rd8 24. Re2 Kf8 25. Kh2 Rd5 26. g4 Re5 27.
Re3 Nc5 28. Nxc5 Rxc5 29. Kg3 e6 30. f4 Ke7 31. b4 Rd5 32. a3 h5 33. g5 f6 34.
h4 e5 35. fxe5 Rxe5 36. Rxe5+ fxe5 37. Kf3 Kd6 38. Ke4 Ke6 39. a4 Kd6 40. a5 a6
41. Kd3 Kd5 42. Ke3 e4 43. Kd2 Kd4 44. Ke2 e3 45. Kd1 Kc4 46. Ke2 Kxb4 47. Kxe3
c5 48. Ke4 c4 49. Ke5 c3 50. Kf6 c2 51. Kxg6 c1=Q 52. Kxh5 Qc8 53. g6 Qg8 54.
g7 Qh7+ 55. Kg5 Qxg7+ 56. Kh5 Qh7+ 57. Kg5 Kxa5 0-1

[Event "European Youth Chess Championship B12"]
[Site "Prague, Top Hotel Prague"]
[Date "2016.08.25"]
[Round "7.77"]
[White "Cuttoli, Alexandre"]
[Black "Keprt, Tomas"]
[Result "1-0"]
[WhiteElo "1618"]
[BlackElo "1567"]
[PlyCount "57"]
[EventDate "2016.08.18"]

1. e4 d6 2. d4 Nf6 3. Nc3 Nbd7 4. f3 e5 5. d5 Be7 6. Be3 O-O 7. Qd2 c6 8. O-O-O
Nb6 9. Kb1 Re8 10. g4 Nfd7 11. h4 cxd5 12. exd5 Nf8 13. h5 f5 14. gxf5 Bxf5 15.
Bd3 Qd7 16. Nge2 Rac8 17. b3 Bxd3 18. Qxd3 Bf6 19. Ne4 Qe7 20. Rhg1 Rc7 21.
N2g3 Rd7 22. Nf5 Qd8 23. Nexd6 Rxd6 24. Nh6+ Kh8 25. Nf7+ Kg8 26. Nxd8 Rexd8
27. c4 Nfd7 28. Qe4 Nc8 29. c5 1-0

[Event "European Youth Chess Championship B12"]
[Site "Prague, Top Hotel Prague"]
[Date "2016.08.25"]
[Round "7.78"]
[White "Veres, Simon"]
[Black "Nesse, David"]
[Result "1-0"]
[WhiteElo "1514"]
[BlackElo "1602"]
[PlyCount "47"]
[EventDate "2016.08.18"]

1. e4 c5 2. Nf3 Nc6 3. d4 cxd4 4. Nxd4 Nf6 5. Nc3 d6 6. f3 e5 7. Nb3 Be7 8. Be3
O-O 9. Qd2 a5 10. Bb5 Na7 11. Ba4 Be6 12. Rd1 Nc8 13. Bb5 Nb6 14. Qd3 Qc7 15.
Bxb6 Qxb6 16. Na4 Qa7 17. c4 Nh5 18. Qe2 Bh4+ 19. Kf1 Rac8 20. Rxd6 Rxc4 21.
Rxe6 Rxe4 22. Rxe5 Nf4 23. Qd2 Rd8 24. Qxd8+ 1-0